Výrobný manažment

Guardado en:
Detalles Bibliográficos
Autores principales: Rudy, Vladimír (Autor), Malega, Peter (Autor), Kováč, Juraj (Autor)
Formato: Libro
Lenguaje:eslovaco
Publicado: Košice : Technická univerzita v Košiciach, Strojnícka fakulta, 2012
Colección:Edícia študijnej literatúry
Materias:
Etiquetas: Agregar Etiqueta
Sin Etiquetas, Sea el primero en etiquetar este registro!

MARC

LEADER 00000nam a22000003a 4500
001 stu263296
005 20150617230137.9
008 130304s2012----xo------------------slo-d
020 |a 978-80-553-1265-1 
040 |a STU  |b slo 
041 0 |a slo 
044 |a xo 
080 |a 65 
100 1 |a Rudy, Vladimír  |4 aut 
245 1 |a Výrobný manažment 
260 |a Košice :  |b Technická univerzita v Košiciach, Strojnícka fakulta,  |c 2012 
300 |a 147 s 
650 7 |a výrobný manažment  |2 stusub 
700 1 |a Malega, Peter  |4 aut 
700 1 |a Kováč, Juraj  |4 aut 
830 0 |a Edícia študijnej literatúry 
996 |b 284M084920  |c M*S-1586-1  |l MMKN  |s A  |a 24  |w stu263296_0001 
996 |b 284M084921  |c M*S-1586-2  |l MMKN  |s A  |a 24  |w stu263296_0002 
996 |b 284M084922  |c M*S-1586-3  |l MMKN  |s A  |a 24  |w stu263296_0003